Memoirs of the life and times of the famous Jonathan Wild /

Bibliographic Details
Main Author: Smith, Alexander, active 1714-1726
Format: Book
Language:English
Published: New York : Garland, 1973.
Series:Foundations of the novel.
Subjects:

MARC

Tag First Indicator Second Indicator Subfields
LEADER 00000pam a2200000 4500
001 in00000046120
005 20151007065328.0
008 730411r19731726nyua 00000beng
010 |a  76170567  
020 |a 0824005600 
035 |a (OCoLC)00618834 
035 |9 AAE1771AM 
040 |a DLC  |c DLC  |d TXA  |d UtOrBLW 
049 |a TXAM  |c 1 [1334875], 2 [1115285] 
050 0 0 |a HV6248.W48  |b S54 1726a 
082 0 |a 364.1/092/4  |a B 
100 1 |a Smith, Alexander,  |d active 1714-1726. 
245 1 0 |a Memoirs of the life and times of the famous Jonathan Wild /  |c With a new introd. for the Garland ed. by Malcolm J. Bosse. 
264 1 |a New York :  |b Garland,  |c 1973. 
300 |a 8, xii, 287 pages :  |b illustrations ;  |c 22 cm. 
336 |a text  |b txt  |2 rdacontent 
337 |a unmediated  |b n  |2 rdamedia 
338 |a volume  |b nc  |2 rdacarrier 
490 1 |a Foundations of the novel 
500 |a Facsim. reprint. Original title page has imprint: London, Printed for S. Briscoe at the Bell-Savage, and sold by J. Jackson, 1726. 
600 1 0 |a Wild, Jonathan,  |d 1682?-1725. 
830 0 |a Foundations of the novel. 
999 |a MARS 
999 f f |s e6e7b054-f93d-373a-a0b8-c670dc116db7  |i 58290e78-10b2-3fa1-901e-d6b9add1b486  |t 0 
952 f f |p normal  |a Texas A&M University  |b College Station  |c Sterling C. Evans Library  |d Evans: Library Stacks  |t 0  |e HV6248.W48 S54 1726a  |h Library of Congress classification  |i unmediated -- volume  |m A14803033156 
998 f f |a HV6248.W48 S54 1726a  |t 0  |l Evans: Library Stacks